Slovenská asociácia poisťovní

Bibliographic Details
Corporate Author: Slovenská asociácia poisťovní (Author)
Format: Book
Language:Slovak
PhysicalDescription:25 s zozn. 21 cm
Published: Bratislava Slovenská asociácia poisťovní [1996]
ISBN:8096741004
Subjects:

MARC

LEADER 00000nam a2200000 a 4500
001 vtls001370785
003 SK-MaSNL
005 20260301161136.0
008 160415s1996 xo g y 0 slo
015 |a SNBE1999/03-01706 
020 |a 8096741004 
035 |a SNK000324574 
040 |a SNK  |b slo  |c SNK  |e AACR2 
041 0 |a slo 
044 |a xo  |c SK 
080 |a 061.23:368(085)"1996"  |2 1981 
080 |a 368  |2 1981 
110 0 |a Slovenská asociácia poisťovní  |4 aut  |9 70895 
245 1 |a Slovenská asociácia poisťovní 
260 |a Bratislava  |b Slovenská asociácia poisťovní  |c [1996] 
300 |a 25 s  |b zozn.  |c 21 cm 
610 0 7 |a Slovenská asociácia poisťovní  |a Bratislava, Slovensko  |y 1996  |x správy výročné  |2 SNK  |9 523724 
611 1 7 |a Slovenská asociácia poisťovní  |a Bratislava, Slovensko  |y 1996  |x správy výročné  |2 SNK  |9 523725 
655 7 |a výročné správy  |2 SNK  |9 70580 
919 |a 80-967410-0-4 
958 |a TL 
958 |a BQ 
999 |c 808272  |d 810202 
952 |t P60, <03>, [BOOK], {603}  |a SNK  |b SNK  |y PREZ  |7 0  |p 17A0208001  |o snkOSC 20344  |i snkKSP 8501/99  |0 0  |1 0  |4 0  |d 1999-08-23  |l 0  |r 2005-01-02 00:00:00  |w 2026-02-24 
952 |t P60, <04>, [BOOK], {604}  |a SNK  |b SNK  |y VYP  |7 0  |p 17A0214720  |o snkOSC 20344 D1  |i snkKSP 10413/99  |0 0  |1 0  |4 0  |d 1999-10-22  |l 0  |r 2005-01-02 00:00:00  |w 2026-02-24